Knowledge and information systems

Dnešné informačné systémy sú na úrovni riadenia dát alebo informácií. Málo z nich riadi informačné procesy v oblasti taktického a strategického plánovania a takmer žiadny neriadi procesy v oblasti zhromažďovania, distribúcie a zdielania znalostí v podniku. Možno konštatovať, že investície do informa...

Description complète

Enregistré dans:
Détails bibliographiques
Auteur principal: Šilerová, Edita
Autres auteurs: Kučírková, L.
Format: Chapitre de livre
Langue:anglais
Sujets:
Tags: Ajouter un tag
Pas de tags, Soyez le premier à ajouter un tag!

MARC

LEADER 00000naa$a2200000$$$4500
001 0078639
005 20231129065417.4
041 0 |a eng 
044 |a CZ 
245 1 0 |a Knowledge and information systems  |c Edita Šilerová, L. Kučírková 
520 |a Dnešné informačné systémy sú na úrovni riadenia dát alebo informácií. Málo z nich riadi informačné procesy v oblasti taktického a strategického plánovania a takmer žiadny neriadi procesy v oblasti zhromažďovania, distribúcie a zdielania znalostí v podniku. Možno konštatovať, že investície do informačných technológií nezaručujú úspešný spôsob riadenia informácií a znalostí v podniku. 
610 2 0 |a technológie informačné 
610 2 0 |a technológie komunikačné 
610 2 0 |a internet 
610 2 0 |a systémy informačné 
610 2 0 |a systémy informačné podnikové 
610 2 0 |a informácie 
610 2 0 |a riadenie znalostí 
100 1 |a Šilerová, Edita 
700 1 |a Kučírková, L.